Score 0/20 Timer 05:00
14 Plays Today
% Correct
Knightboat
93.3%
Admiral Baby
92.9%
Touch the Stove
92.8%
America's Funniest
Tornados
92.6%
The Springfield Squares
92.3%
Monkey Trauma Center
92.2%
Guinness Book
of World Records
91.5%
Robot Rumble
88.9%
Animal Survivor
87.9%
The Happy Little Elves
86.2%
% Correct
Family Wish Show
80.8%
People Who Look
Like Things
80.7%
Teleboobies
79%
I Can't Believe
They Invented It!
78.8%
Chocobot Hour
76.2%
Ben
75.1%
Billionaire vs. Bear
74.5%
Police Cops
74.4%
The Opal Show
73.2%
Me Wantee!
59.6%
Remove Ads.
Support Sporcle.
Get the best of Sporcle when you Go Orange. This ad-free experience offers more features, more stats, and more fun while also helping to support Sporcle. Thank you for becoming a member.

You're not logged in!

Compare scores with friends on all Sporcle quizzes.
OR
Log In

Show Comments

Extras

Top Quizzes Today


Score Distribution

Your Account Isn't Verified!

In order to create a playlist on Sporcle, you need to verify the email address you used during registration. Go to your Sporcle Settings to finish the process.

Report this User

Report this user for behavior that violates our Community Guidelines.

Details: